Statistics for Rolling Stones Member Quiz

Click here to take the quiz!

General Stats

  • This quiz has been taken 123 times
  • The average score is 9 of 15

Answer Stats

InstrumentName% Correct
VocalsMick Jagger
100%
GuitarKeith Richards
98%
Drum setCharlie Watts
92%
GuitarBrian Jones
85%
GuitarRon Wood
83%
BassBill Wyman
77%
GuitarMick Taylor
72%
BassDarryl Jones
65%
BassDick Taylor
48%
PianoIan Stewart
48%
SaxophoneBobby Keys
34%
PianoNicky Hopkins
22%
PianoBilly Preston
18%
PianoChuck Leavell
12%
Drum setTony Chapman
6%

Score Distribution

Percentile by Number Answered

Percent of People with Each Score

Your Score History

You have not taken this quiz